[Event "Wch U20"]
[Site "Puerto Madryn"]
[Date "2009.10.27"]
[Round "7"]
[White "Alvarez Ramirez, Miguel Angel"]
[Black "Hugaert, Arthur"]
[Result "0-1"]
[WhiteElo "2259"]
[BlackElo "2066"]
[PlyCount "140"]
[EventDate "2009.10.22"]
[EventType "swiss"]
[EventRounds "13"]
[EventCountry "ARG"]
[SourceTitle "EXT 2010"]
[Source "ChessBase"]
[SourceDate "2010.11.25"]
[SourceVersion "1"]
[SourceVersionDate "2010.11.25"]
[SourceQuality "1"]

1. d4 d5 2. c4 c6 3. Nf3 Nf6 4. Nc3 e6 5. Bg5 h6 6. Bh4 Be7 7. e3 0-0 8. Qc2 Nbd7 9. Rd1 a6 10. a4 Qa5 11. c5 b6 12. Ne5 Nb8 13. cxb6 Qxb6 14. Be2 Nbd7 15. 0-0 c5 16. a5 Qc7 17. f4 cxd4 18. exd4 Bb4 19. Nxd7 Bxd7 20. Bxf6 gxf6 21. Rd3 f5 22. Rh3 Kg7 23. Qd3 Rg8 24. Qg3+ Kh7 25. Qh4 Bf8 26. Bd3 Qa7 27. Ne2 Bb5 28. Bxb5 axb5 29. b4 Rg6 30. Qe1 Rc8 31. Qd2 Rc4 32. Rb1 Rg8 33. Rd3 Bg7 34. h3 Rgc8 35. Rb2 Qc7 36. Kf2 Bf8 37. g3 Bd6 38. Ke3 Kg7 39. Kf2 Kf8 40. Ke3 Ke8 41. Ra3 Kd8 42. Kd3 Qe7 43. Rab3 R8c6 44. Qe1 Qc7 45. Qd2 Kc8 46. Ra3 Qe7 47. Rab3 Kb7 48. Qe1 Ka6 49. Qd2 Qc7 50. Ra3 Be7 51. Rab3 Qd6 52. Qe1 f6 53. Qf1 Qc7 54. Qf3 Qc8 55. g4 fxg4 56. hxg4 Qg8 57. f5 e5 58. Ke3 Qg5+ 59. Kf2 e4 60. Qf4 Qxf4+ 61. Nxf4 Rxd4 62. Rh3 Bxb4 63. Nxd5 Rxd5 64. Rxb4 Rd2+ 65. Ke1 Ra2 66. Kd1 Rcc2 67. Rxe4 Rcb2 68. Rc3 Ra1+ 69. Rc1 Rg2 70. Re1 Rxc1+ 0-1

[Event "Wch U20"]
[Site "Puerto Madryn"]
[Date "2009.10.25"]
[Round "5"]
[White "Kokol, Peter"]
[Black "Hugaert, Arthur"]
[Result "0-1"]
[WhiteElo "2322"]
[BlackElo "2066"]
[PlyCount "126"]
[EventDate "2009.10.22"]
[EventType "swiss"]
[EventRounds "13"]
[EventCountry "ARG"]
[SourceTitle "EXT 2010"]
[Source "ChessBase"]
[SourceDate "2010.11.25"]
[SourceVersion "1"]
[SourceVersionDate "2010.11.25"]
[SourceQuality "1"]

1. e4 c5 2. Nf3 Nc6 3. d4 cxd4 4. Nxd4 Nf6 5. Nc3 e5 6. Ndb5 d6 7. Bg5 a6 8. Na3 b5 9. Bxf6 gxf6 10. Nd5 Bg7 11. Bd3 Ne7 12. Nxe7 Qxe7 13. 0-0 0-0 14. c4 f5 15. Qf3 d5 16. cxd5 fxe4 17. Qxe4 f5 18. Qe2 e4 19. Rab1 Bb7 20. Rfd1 Rad8 21. Bc2 Qe5 22. Bb3 f4 23. Qg4 Rd6 24. Rbc1 Rg6 25. Qh3 Kh8 26. Re1 Bf6 27. f3 Bxd5 28. Bxd5 Qxd5 29. fxe4 Bd4+ 30. Kh1 Qg5 31. Rc8 Rxc8 32. Qxc8+ Rg8 33. Qh3 Bxb2 34. Nc2 Qc5 35. Qb3 Bc3 36. Rf1 Rd8 37. Qf7 Qf2 38. Qf8+ Rxf8 39. Rxf2 b4 40. Kg1 a5 41. Re2 a4 42. Kf2 b3 43. axb3 axb3 44. Na3 Ra8 45. Nb1 Bd4+ 46. Kf3 Ra1 47. Re1 Be5 48. g3 fxg3 49. hxg3 Kg7 50. Rc1 b2 51. Rd1 Ra7 52. Rd5 Kf6 53. Ke2 Rg7 54. Rb5 Rxg3 55. Nd2 Rg1 56. Rb6+ Kg7 57. Rb7+ Kg8 58. Kd3 Rc1 59. Rb5 Bc3 60. Nb1 Bf6 61. e5 Rxb1 62. exf6 Rd1+ 63. Kc2 b1Q+ 0-1

[Event "Wch U20"]
[Site "Puerto Madryn"]
[Date "2009.10.22"]
[Round "1"]
[White "Hugaert, Arthur"]
[Black "Gundavaa, Bayarsaihan"]
[Result "0-1"]
[WhiteElo "2066"]
[BlackElo "2477"]
[PlyCount "100"]
[EventDate "2009.10.22"]
[EventType "swiss"]
[EventRounds "13"]
[EventCountry "ARG"]
[SourceTitle "EXT 2010"]
[Source "ChessBase"]
[SourceDate "2010.11.25"]
[SourceVersion "1"]
[SourceVersionDate "2010.11.25"]
[SourceQuality "1"]

1. e4 c5 2. Nc3 d6 3. f4 a6 4. Nf3 Nc6 5. a4 g6 6. Bc4 Bg7 7. 0-0 Nf6 8. d3 0-0 9. Qe1 e6 10. Bb3 d5 11. e5 Nd7 12. Bd2 Rb8 13. Ne2 b5 14. axb5 axb5 15. c3 c4 16. Bc2 cxd3 17. Bxd3 Nc5 18. Bc2 Bd7 19. Ned4 Qc7 20. b4 Nxd4 21. cxd4 Na4 22. Bb3 Nb6 23. Qe2 Ra8 24. Qd3 Rfc8 25. g4 Ra7 26. g5 Rca8 27. Rab1 Nc4 28. Bc3 Bf8 29. Rfc1 Qd8 30. h4 Be7 31. Ne1 Qf8 32. Nc2 Rc8 33. Be1 Rac7 34. Ba2 Nb6 35. Bb3 Na4 36. Ba2 Nc3 37. Rb2 h6 38. Kf1 Ne4 39. Rd1 Qg7 40. Ne3 hxg5 41. hxg5 Qh7 42. Kg1 Rc3 43. Qe2 Qh3 44. Nf1 Rf3 45. Bd2 Kg7 46. Nh2 Rg3+ 47. Kh1 Rh8 48. Bc1 Rg4 49. Qd3 Qxh2+ 50. Rxh2 Nf2# 0-1

[Event "Geraardsbergen op 25th"]
[Site "Geraardsbergen"]
[Date "2009.08.15"]
[Round "7"]
[White "Hugaert, Arthur"]
[Black "Saligo, Pieter"]
[Result "1/2-1/2"]
[WhiteElo "2066"]
[BlackElo "1796"]
[PlyCount "95"]
[EventDate "2009.08.12"]
[EventType "swiss"]
[EventRounds "9"]
[EventCountry "BEL"]
[SourceTitle "CBM 132 Extra"]
[Source "ChessBase"]
[SourceDate "2009.11.03"]
[SourceVersion "1"]
[SourceVersionDate "2009.11.03"]
[SourceQuality "1"]

1. d4 d5 2. c4 c6 3. Nc3 Nf6 4. Nf3 dxc4 5. a4 Bf5 6. Bg5 Nbd7 7. e3 h6 8. Bh4 Qb6 9. Qd2 e6 10. a5 Qc7 11. Bxc4 Bb4 12. Bg3 Bd6 13. Bxd6 Qxd6 14. 0-0 0-0 15. Rfc1 Rfd8 16. Qe2 Ne4 17. Nxe4 Bxe4 18. Nd2 Bg6 19. Ra3 e5 20. Nb3 Kh8 21. Rd1 Qe7 22. e4 Nf6 23. f3 exd4 24. e5 d3 25. Qe1 Nd5 26. Bxd3 Bxd3 27. Rxd3 Re8 28. a6 bxa6 29. Nd4 Nb4 30. Re3 Qc5 31. Qc3 Qxc3 32. bxc3 Nd5 33. Re1 g6 34. Rxa6 Nxc3 35. Nxc6 Re6 36. Rxa7 Rxa7 37. Nxa7 f6 38. Re3 Nd5 39. Rd3 Rxe5 40. Nc6 Re6 41. Nd8 Nf4 42. Rd7 Re1+ 43. Kf2 Re2+ 44. Kf1 Rb2 45. Nf7+ Kg7 46. g3 Rb1+ 47. Kf2 Rb2+ 48. Kf1 1/2-1/2

[Event "Geraardsbergen op 25th"]
[Site "Geraardsbergen"]
[Date "2009.08.15"]
[Round "8"]
[White "Luminet, Denis"]
[Black "Hugaert, Arthur"]
[Result "1-0"]
[WhiteElo "2197"]
[BlackElo "2066"]
[PlyCount "47"]
[EventDate "2009.08.12"]
[EventType "swiss"]
[EventRounds "9"]
[EventCountry "BEL"]
[SourceTitle "CBM 132 Extra"]
[Source "ChessBase"]
[SourceDate "2009.11.03"]
[SourceVersion "1"]
[SourceVersionDate "2009.11.03"]
[SourceQuality "1"]

1. c4 c6 2. Nc3 e6 3. Nf3 d5 4. e3 Nf6 5. b3 Nbd7 6. Qc2 Bd6 7. Bb2 a5 8. d4 0-0 9. Be2 Qe7 10. 0-0 dxc4 11. bxc4 e5 12. Rad1 e4 13. Nh4 g6 14. g3 h5 15. f3 exf3 16. Rxf3 Nh7 17. Nxg6 fxg6 18. Qxg6+ Kh8 19. Ne4 Ba3 20. Bxa3 Qxa3 21. Rdf1 Qe7 22. Rf7 Qxf7 23. Rxf7 Rd8 24. Qg7# 1-0

[Event "BEL-ch U20"]
[Site "Houffalize"]
[Date "2009.04.19"]
[Round "9"]
[White "Hugaert, Arthur"]
[Black "Herman, Jean"]
[Result "1/2-1/2"]
[WhiteElo "2066"]
[BlackElo "2050"]
[PlyCount "71"]
[EventDate "2009.04.13"]
[EventType "swiss"]
[EventRounds "9"]
[EventCountry "BEL"]
[SourceTitle "EXT 2012"]
[Source "ChessBase"]
[SourceDate "2011.11.24"]
[SourceVersion "1"]
[SourceVersionDate "2011.11.24"]
[SourceQuality "1"]

1. d4 Nf6 2. c4 c5 3. d5 b5 4. cxb5 a6 5. bxa6 Bxa6 6. Nc3 g6 7. e4 Bxf1 8. Kxf1 d6 9. g3 Bg7 10. h3 0-0 11. Kg2 Nbd7 12. Nf3 Qa5 13. Qe2 Rfb8 14. Rd1 Rb7 15. Nd2 Rab8 16. Nc4 Qa6 17. Rd2 Ne8 18. Rc2 Nb6 19. Nxb6 Qxe2 20. Rxe2 Rxb6 21. Kf1 Nc7 22. Ke1 e6 23. Rd2 Kf8 24. Kd1 Ke7 25. Kc2 Nb5 26. Nxb5 Rxb5 27. Rb1 c4 28. b3 R5b6 29. Re2 Ra8 30. Kd1 Rab8 31. Kc2 Ra8 32. Kd1 Kd7 33. b4 exd5 34. exd5 Rb5 35. a3 Rxd5+ 36. Kc2 1/2-1/2

[Event "BEL-ch U20"]
[Site "Houffalize"]
[Date "2009.04.17"]
[Round "7"]
[White "Hugaert, Arthur"]
[Black "Knyazkov, Oleg"]
[Result "1-0"]
[WhiteElo "2066"]
[BlackElo "1589"]
[PlyCount "71"]
[EventDate "2009.04.13"]
[EventType "swiss"]
[EventRounds "9"]
[EventCountry "BEL"]
[SourceTitle "EXT 2012"]
[Source "ChessBase"]
[SourceDate "2011.11.24"]
[SourceVersion "1"]
[SourceVersionDate "2011.11.24"]
[SourceQuality "1"]

1. c4 e5 2. Nc3 Nc6 3. Nf3 f5 4. d4 e4 5. Ne5 d6 6. Nxc6 bxc6 7. Bf4 Nf6 8. e3 Be7 9. Be2 0-0 10. 0-0 h6 11. h4 Nh7 12. h5 Rb8 13. Rb1 Bg5 14. Bg3 f4 15. exf4 Bxf4 16. Nxe4 Bf5 17. Bd3 d5 18. cxd5 cxd5 19. Bxf4 dxe4 20. Bc4+ Kh8 21. Rc1 Qh4 22. Bg3 Qg4 23. Be2 Qg5 24. Rxc7 Rxb2 25. Rxa7 e3 26. Be5 Nf6 27. f4 Qg3 28. Qe1 Ne4 29. Bxg7+ Kg8 30. Bc4+ Rf7 31. Qxg3 Nxg3 32. Be5 Be4 33. Bxf7+ Kf8 34. Bd6+ Kg7 35. Bd5+ Kf6 36. Rf7# 1-0

[Event "BEL-ch U20"]
[Site "Houffalize"]
[Date "2009.04.14"]
[Round "3"]
[White "Hugaert, Arthur"]
[Black "Deschepper, Jeroen"]
[Result "0-1"]
[WhiteElo "2066"]
[BlackElo "2054"]
[PlyCount "90"]
[EventDate "2009.04.13"]
[EventType "swiss"]
[EventRounds "9"]
[EventCountry "BEL"]
[SourceTitle "EXT 2012"]
[Source "ChessBase"]
[SourceDate "2011.11.24"]
[SourceVersion "1"]
[SourceVersionDate "2011.11.24"]
[SourceQuality "1"]

1. Nf3 g6 2. d4 Bg7 3. Nc3 d6 4. e4 Nd7 5. Bc4 e6 6. Bg5 Ne7 7. Qd2 h5 8. 0-0-0 a6 9. Nh4 Nb6 10. Be2 Bd7 11. h3 Bb5 12. g4 Bxe2 13. Nxe2 Qd7 14. Ng2 Qb5 15. Nc3 Qa5 16. b3 c5 17. Bxe7 Bxd4 18. Nb5 Qxb5 19. c3 Kxe7 20. cxd4 c4 21. Qc3 Rhc8 22. Kd2 cxb3 23. Qxb3 Qa5+ 24. Ke2 Rc3 25. Qb2 Rac8 26. Ne3 Na4 27. Qxb7+ R3c7 28. Qb3 Nc3+ 29. Kf3 Nxd1 30. Rxd1 Rc1 31. Rxc1 Rxc1 32. Qb7+ Rc7 33. Qb2 Qb5 34. Qa3 a5 35. Kg2 Qb4 36. Qd3 Qb2 37. d5 hxg4 38. hxg4 e5 39. a3 Qc3 40. Qa6 Qxa3 41. g5 Qb4 42. Kf3 a4 43. Qa8 a3 44. Qh8 a2 45. Qf6+ Kd7 0-1

[Event "Ghent op"]
[Site "Ghent"]
[Date "2007.07.18"]
[Round "9"]
[White "Ondersteijn, Niels"]
[Black "Hugaert, Arthur"]
[Result "0-1"]
[WhiteElo "2272"]
[BlackElo "2041"]
[PlyCount "62"]
[EventDate "2007.07.14"]
[EventType "swiss"]
[EventRounds "9"]
[EventCountry "BEL"]
[SourceTitle "CBM 119 Extra"]
[Source "ChessBase"]
[SourceDate "2007.09.04"]
[SourceVersion "1"]
[SourceVersionDate "2007.09.04"]
[SourceQuality "1"]

1. e4 c5 2. Nc3 e6 3. f4 d5 4. Nf3 dxe4 5. Nxe4 Nc6 6. Bb5 Bd7 7. Qe2 Be7 8. f5 Qc7 9. 0-0 e5 10. Nc3 f6 11. Qe4 0-0-0 12. d3 Be8 13. Be3 g6 14. g4 g5 15. a3 h5 16. h3 hxg4 17. hxg4 Bd6 18. Kg2 Nge7 19. Rab1 a6 20. Bc4 Nd4 21. Bxd4 exd4 22. Nd5 Nxd5 23. Bxd5 Bd7 24. Rh1 Bf4 25. Rxh8 Rxh8 26. Be6 Re8 27. Qd5 Bxe6 28. fxe6 Qe7 29. b4 Qxe6 30. Qxc5+ Kb8 31. Re1 Qxg4+ 0-1

[Event "BEL-ch op"]
[Site "Namur"]
[Date "2007.07.07"]
[Round "8.10"]
[White "Hugaert, Arthur"]
[Black "Vingerhoets, Luc"]
[Result "1/2-1/2"]
[WhiteElo "1967"]
[BlackElo "2054"]
[PlyCount "33"]
[EventDate "2007.06.30"]
[EventType "swiss"]
[EventRounds "9"]
[EventCountry "BEL"]
[SourceTitle "CBM 119 Extra"]
[Source "ChessBase"]
[SourceDate "2007.09.04"]
[SourceVersion "1"]
[SourceVersionDate "2007.09.04"]
[SourceQuality "1"]

1. c4 g6 2. Nc3 Bg7 3. g3 d6 4. Bg2 e5 5. Nf3 Nc6 6. 0-0 f5 7. e3 Nf6 8. d4 0-0 9. dxe5 Nxe5 10. Nxe5 dxe5 11. e4 c6 12. Bg5 Qb6 13. b3 f4 14. Na4 Qc7 15. Qc2 Nh5 16. Qe2 Qf7 17. g4 1/2-1/2

[Event "Ghent VSF-chB"]
[Site "Ghent"]
[Date "2007.05.19"]
[Round "5"]
[White "Van Speybroeck, Philippe"]
[Black "Hugaert, Arthur"]
[Result "1-0"]
[WhiteElo "1761"]
[BlackElo "2029"]
[PlyCount "71"]
[EventDate "2007.05.17"]
[EventType "swiss"]
[EventRounds "7"]
[EventCountry "BEL"]
[SourceTitle "EXT 2009"]
[Source "ChessBase"]
[SourceDate "2008.11.26"]
[SourceVersion "1"]
[SourceVersionDate "2008.11.26"]
[SourceQuality "1"]

1. d4 d5 2. Nf3 Nf6 3. e3 e6 4. c4 c6 5. Bd3 Nbd7 6. Qc2 Be7 7. Nc3 dxc4 8. Bxc4 b5 9. Bd3 a6 10. Ne4 Qb6 11. Bd2 c5 12. dxc5 Nxc5 13. Nxc5 Qxc5 14. Qxc5 Bxc5 15. Rc1 Bd6 16. Rc6 Kd7 17. Rc2 Bb7 18. Ke2 e5 19. Bf5+ Ke7 20. Rhc1 g6 21. Bh3 Nd5 22. e4 Nf4+ 23. Bxf4 Bxe4 24. Nxe5 Bxc2 25. Nc6+ Ke8 26. Bxd6 Be4 27. Nb8 Bb7 28. Bc8 Rxb8 29. Bxb8 Bxg2 30. Be5 f6 31. Bxa6 Kf7 32. Rc7+ Ke6 33. Bd4 Rd8 34. Ke3 Bf1 35. Rc6+ Kd5 36. Rc5+ 1-0

[Event "BEL-ch op"]
[Site "Namur"]
[Date "2006.07.07"]
[Round "7"]
[White "Laurent, Michel"]
[Black "Hugaert, Arthur"]
[Result "1-0"]
[WhiteElo "2044"]
[BlackElo "1912"]
[PlyCount "81"]
[EventDate "2006.07.01"]
[EventType "swiss"]
[EventRounds "9"]
[EventCountry "BEL"]
[SourceTitle "CBM 113 Extra"]
[Source "ChessBase"]
[SourceDate "2006.09.14"]
[SourceVersion "1"]
[SourceVersionDate "2006.09.14"]
[SourceQuality "1"]

1. d4 d5 2. Nf3 c6 3. Bf4 Qb6 4. Qc1 Bg4 5. Nbd2 Nd7 6. e3 e6 7. Bd3 Ngf6 8. h3 Bh5 9. 0-0 c5 10. c3 Bg6 11. Bxg6 hxg6 12. Qc2 Rc8 13. Rac1 Bd6 14. Ne5 Rh5 15. Nec4 dxc4 16. Nxc4 Qc6 17. Nxd6+ Ke7 18. Nxc8+ Qxc8 19. f3 Qh8 20. e4 g5 21. Bg3 c4 22. Kf2 g4 23. hxg4 Ra5 24. Rh1 Qc8 25. Bh4 g5 26. Bg3 Qc6 27. Rce1 e5 28. a3 Rb5 29. Re2 Qb6 30. Rd1 Qe6 31. dxe5 Nxe5 32. Bxe5 Qxe5 33. Qd2 Qc5+ 34. Qd4 Qc7 35. Red2 b6 36. Qe3 Kf8 37. Kg1 Kg7 38. Re1 Re5 39. Red1 Rb5 40. Rd6 Nh7 41. Qd4+ 1-0

[Event "Hengelo U20 op"]
[Site "Hengelo"]
[Date "2005.08.10"]
[Round "4"]
[White "Hugaert, Arthur"]
[Black "Smits, Sebastiaan"]
[Result "0-1"]
[WhiteElo "1877"]
[BlackElo "2080"]
[PlyCount "46"]
[EventDate "2005.08.??"]
[EventType "swiss"]
[EventRounds "9"]
[EventCountry "NED"]
[SourceTitle "CBM 107 Extra"]
[Source "ChessBase"]
[SourceDate "2005.09.01"]
[SourceVersion "1"]
[SourceVersionDate "2005.09.01"]
[SourceQuality "1"]

1. e4 c5 2. c3 g6 3. d4 cxd4 4. cxd4 d5 5. e5 Nc6 6. Nc3 Bg7 7. h4 h5 8. Nf3 Bg4 9. Bg5 Qd7 10. Be2 Nh6 11. Na4 e6 12. Nc5 Qc7 13. Rc1 0-0 14. Bxh6 Bxh6 15. Rc3 Qe7 16. g3 Rac8 17. 0-0 Bxf3 18. Bxf3 Nxe5 19. Bxd5 exd5 20. Re1 Bg7 21. f4 b6 22. Na4 Rxc3 23. Nxc3 Nf3+ 0-1

[Event "Hengelo U20 op"]
[Site "Hengelo"]
[Date "2005.08.09"]
[Round "3"]
[White "Van Kerkhof, David"]
[Black "Hugaert, Arthur"]
[Result "1-0"]
[WhiteElo "2170"]
[BlackElo "1877"]
[PlyCount "77"]
[EventDate "2005.08.??"]
[EventType "swiss"]
[EventRounds "9"]
[EventCountry "NED"]
[SourceTitle "CBM 107 Extra"]
[Source "ChessBase"]
[SourceDate "2005.09.01"]
[SourceVersion "1"]
[SourceVersionDate "2005.09.01"]
[SourceQuality "1"]

1. e4 c5 2. Nf3 Nc6 3. d4 cxd4 4. Nxd4 Nf6 5. Nc3 e6 6. Bf4 Bb4 7. Ndb5 Nxe4 8. Bd3 Qf6 9. Nc7+ Kd8 10. Qc1 Nxc3 11. 0-0 h6 12. Nxa8 Nd5 13. Bg3 e5 14. c3 Be7 15. Be4 Nf4 16. Qe3 d5 17. Bxd5 Nxd5 18. Rad1 Qd6 19. Qf3 Be6 20. c4 Ndb4 21. Bxe5 Nxe5 22. Rxd6+ Bxd6 23. Qxb7 Bxc4 24. Rd1 Nbd3 25. Qxa7 Re8 26. Nb6 Bb5 27. Qa5 Bc6 28. Nc4+ Bc7 29. Qa6 Bd7 30. Nxe5 Nxe5 31. h3 Re6 32. Qa8+ Ke7 33. b4 Rg6 34. b5 Bxh3 35. Qa3+ Bd6 36. Qxh3 Ng4 37. Rxd6 Kxd6 38. b6 f5 39. b7 1-0

[Event "Ghent op"]
[Site "Ghent"]
[Date "2005.03.26"]
[Round "1"]
[White "Hugaert, Arthur"]
[Black "Bauwens, Steven"]
[Result "1-0"]
[WhiteElo "1800"]
[BlackElo "1370"]
[PlyCount "25"]
[EventDate "2005.03.26"]
[EventType "swiss"]
[EventRounds "6"]
[EventCountry "BEL"]
[SourceTitle "EXT 2008"]
[Source "ChessBase"]
[SourceDate "2007.11.25"]
[SourceVersion "1"]
[SourceVersionDate "2007.11.25"]
[SourceQuality "1"]

1. e4 e5 2. Nf3 Nc6 3. Bc4 Bc5 4. c3 Nf6 5. d4 exd4 6. e5 Ne4 7. Bd5 Nxf2 8. Kxf2 dxc3+ 9. Kf1 Nxe5 10. Nxe5 b6 11. Bxf7+ Kf8 12. Qf3 Ba6+ 13. Bc4+ 1-0